Die größten Städte mit S - Extrem - Statistiken

Allgemein
  • Dieses Quiz wurde 132 mal gespielt
  • Das Durchschnittsergebnis liegt bei 27 aus 100
Antwortstatistiken
Land Antwort Einwohner % Korrekt
Brasilien São Paulo 22.100.000
98%
Südkorea Seoul 25.100.000
95%
Singapur Singapur 7.850.000
94%
China Shanghai 40.800.000
93%
Deutschland (Region) Stuttgart 2.800.000
92%
Australien Sydney 4.975.000
92%
Russland Sankt Petersburg 6.500.000
85%
USA San Francisco 7.450.000
83%
Schweden Stockholm 2.275.000
78%
El Salvador San Salvador 1.960.000
76%
Bulgarien Sofia 1.240.000
74%
USA Seattle 4.475.000
73%
Nordmazedonien Skopje 475.000
72%
Costa Rica San José 2.450.000
69%
Brasilien San Jose dos Campos 614.000
69%
Dominikanische Republik Santo Domingo 3.850.000
67%
Spanien Sevilla 1.300.000
65%
Jemen Sana‘a 3.175.000
64%
USA San Diego 3.200.000
63%
Bosnien und Herzegowina Sarajewo 697.000
63%
Japan Sapporo 2.500.000
57%
Brasilien Salvador 3.200.000
49%
Vereinigtes Königreich Sheffield 1.540.000
49%
Indonesien Surabaya 5.900.000
49%
USA San Antonio 2.350.000
48%
USA Sacramento 2.125.000
47%
Russland Samara 1.370.000
39%
Vereinigtes Königreich Southampton 1.150.000
39%
Kuba Santiago de cuba 556.000
38%
Mexiko (auch mit Q geschrieben) (Santiago de) Queretaro 627.000
38%
Bolivien Santa Cruz 2.400.000
35%
Puerto Rico San Juan 1.910.000
34%
Argentinien San Juan 447.000
34%
USA St. Louis 2.325.000
33%
Ägypten Suez 488.000
32%
Indien Surat 7.750.000
31%
USA Salt Lake City 2.625.000
30%
China Shenyang 8.700.000
28%
Russland Saratow 1.210.000
25%
China Shantou 8.000.000
24%
Iran Schiraz 1.910.000
22%
Ukraine Sewastopol 416.000
22%
Tunesien Sousse 1.150.000
22%
Marokko Sale 904.000
20%
Brasilien São Luís 1.510.000
20%
Japan Sendai 1.510.000
19%
Brasilien Santos 1.740.000
18%
USA Salem 1.210.000
17%
Indien Salem 778.000
17%
China Shijiazhuang 6.200.000
17%
Indien Srinagar 1.770.000
16%
Honduras San Pedro Sula 1.310.000
14%
Argentinien Santa Fe de la Vera Cruz 490.000
14%
Indonesien Semarang 2.100.000
14%
Bolivien San Luis Potosí 1.380.000
13%
Indien Solapur 1.150.000
10%
Argentinien Salta 513.000
9%
Argentinien San Miguel de Tucumàn 1.090.000
9%
Kasachstan Schymkent 1.330.000
9%
Japan Sakai 783.000
8%
Japan Shizuoka 1.130.000
8%
Mexiko (auch mit C geschrieben) (Santa Maria) Chimalhuacan 613.000
7%
USA Stockton 1.270.000
7%
Indonesien Surakarta 1.680.000
6%
Mexiko Saltillo 1.110.000
5%
Vereinigte Arabische Emirate Schardschah 544.000
5%
Nigeria Sokoto 1.100.000
5%
Nigeria Sokoto 564.000
5%
Brasilien Sao Bernardo do Campo 744.000
2%
Pakistan Sialkot 477.000
2%
Brasilien Sorocaba 559.000
2%
Indien Saharanpur 1.130.000
1%
Indien Sangli 602.000
1%
Türkei Sanliurf 450.000
1%
Kolumbien Santa Marta 432.000
1%
Brasilien Santo Andre 662.000
1%
Brasilien Sao João de Meriti 455.000
1%
Pakistan Sargodha 543.000
1%
Malaysia Shah Alam 482.000
1%
China Shangqiu 1.670.000
1%
China Shaoguan 629.000
1%
China Shaoyang 1.050.000
1%
China Shiyan 1.040.000
1%
China Siping 555.000
1%
Malaysia Subang Jaya 708.000
1%
China Suqian 1.190.000
1%
Mexiko San Nicolas de loa Garza 443.000
0%
Indonesien Serang 1.210.000
0%
China Shangrao 1.520.000
0%
China Shangyu 770.000
0%
China Shashi 500.000
0%
China Shihezi 573.000
0%
Indien Shiliguri 1.170.000
0%
China Shuangyashan 600.000
0%
China Shuyang 1.080.000
0%
Indien Shyamnagar 442.000
0%
Indonesien Situbondo 600.000
0%
Pakistan Sukkur 418.000
0%
Türkei Sultangazi 436.000
0%
Nordkorea Sunch‘on 437.000
0%
Keine übereinstimmenden Quizze gefunden
Verteilung der Resultate
Anzahl Personen mit jedem Resultat
Perzentil nach korrekt beantworteten Fragen
Ihre Resultats-Entwicklung
Sie haben dieses Quiz noch nicht gespielt